<?xml version="1.0" encoding="UTF-8"?>
<record
    xmlns:xsi="http://www.w3.org/2001/XMLSchema-instance"
    xsi:schemaLocation="http://www.loc.gov/MARC21/slim http://www.loc.gov/standards/marcxml/schema/MARC21slim.xsd"
    xmlns="http://www.loc.gov/MARC21/slim">

  <leader>01579nam a2200313   4500</leader>
  <controlfield tag="001">114533</controlfield>
  <controlfield tag="003">DR-UNIBE</controlfield>
  <controlfield tag="005">20260327090312.0</controlfield>
  <controlfield tag="008">260327b2026    dr ||||| |||| 00| 1 spa d</controlfield>
  <datafield tag="020" ind1=" " ind2=" ">
    <subfield code="a">9789945224863</subfield>
  </datafield>
  <datafield tag="040" ind1=" " ind2=" ">
    <subfield code="a">BIBLIOTECA UNIBE</subfield>
    <subfield code="b">spa</subfield>
    <subfield code="c">BIBLIOTECA UNIBE</subfield>
    <subfield code="e">RDA</subfield>
  </datafield>
  <datafield tag="041" ind1=" " ind2=" ">
    <subfield code="a">spa</subfield>
  </datafield>
  <datafield tag="090" ind1=" " ind2=" ">
    <subfield code="a">FBIU-EB PI R175v</subfield>
  </datafield>
  <datafield tag="100" ind1="1" ind2="0">
    <subfield code="a">Ramos Miranda, Evelyn</subfield>
    <subfield code="9">194067</subfield>
    <subfield code="e">autor</subfield>
  </datafield>
  <datafield tag="245" ind1="1" ind2="0">
    <subfield code="a">Voces de mi patria / Evelyn Ramos Miranda; correcci&#xF3;n de estilo: Elena Ramos; ilustraciones, diagramaci&#xF3;n y cubierta: Frank Figueroa Malvar; colaboraci&#xF3;n: Venus Arthemys Azul Ramos Ure&#xF1;a ; pr&#xF3;logos: Luisa Navarro,  Juan Col&#xF3;n, Elena Ramos, </subfield>
    <subfield code="c"> Evelyn Ramos Miranda; correcci&#xF3;n de estilo: Elena Ramos; ilustraciones, diagramaci&#xF3;n y cubierta: Frank Figueroa Malvar; colaboraci&#xF3;n: Venus Arthemys Azul Ramos Ure&#xF1;a</subfield>
  </datafield>
  <datafield tag="250" ind1=" " ind2=" ">
    <subfield code="a">Primera edici&#xF3;n</subfield>
  </datafield>
  <datafield tag="260" ind1=" " ind2=" ">
    <subfield code="a">Santo Domingo : </subfield>
    <subfield code="b">Editora B&#xFA;ho, </subfield>
    <subfield code="c">2026</subfield>
  </datafield>
  <datafield tag="300" ind1=" " ind2=" ">
    <subfield code="a">34 p&#xE1;ginas :</subfield>
    <subfield code="b">ilustraciones a color ;</subfield>
    <subfield code="c">27 x 21 cm</subfield>
  </datafield>
  <datafield tag="653" ind1="0" ind2="7">
    <subfield code="a">Rep&#xFA;blica Dominicana - Poes&#xED;as infantiles</subfield>
  </datafield>
  <datafield tag="653" ind1="0" ind2="7">
    <subfield code="a">Rep&#xFA;blica Dominicana - Poes&#xED;as juveniles</subfield>
  </datafield>
  <datafield tag="653" ind1="0" ind2="7">
    <subfield code="a">Literatura infantil dominicana</subfield>
  </datafield>
  <datafield tag="653" ind1="0" ind2="7">
    <subfield code="a">Literatura juvenil dominicana</subfield>
  </datafield>
  <datafield tag="700" ind1="1" ind2="0">
    <subfield code="a">Ramos, Elena</subfield>
    <subfield code="9">194068</subfield>
    <subfield code="e">corrector de estilo</subfield>
    <subfield code="e">prologuista</subfield>
  </datafield>
  <datafield tag="700" ind1="1" ind2="0">
    <subfield code="a">Figueroa Malvar, Frank</subfield>
    <subfield code="9">194069</subfield>
    <subfield code="e">dise&#xF1;ador de portada e interiores</subfield>
    <subfield code="e">dise&#xF1;ador de ilustraciones</subfield>
    <subfield code="e">diagramador</subfield>
  </datafield>
  <datafield tag="700" ind1="1" ind2="0">
    <subfield code="a">Ure&#xF1;a Ramos, Venus Arthemys Azul</subfield>
    <subfield code="9">194072</subfield>
    <subfield code="e">colaborador</subfield>
  </datafield>
  <datafield tag="700" ind1="1" ind2="0">
    <subfield code="a">Navarro, Luisa,</subfield>
    <subfield code="d">1955-</subfield>
    <subfield code="9">28183</subfield>
    <subfield code="e">prologuista</subfield>
  </datafield>
  <datafield tag="700" ind1="1" ind2="0">
    <subfield code="a">Col&#xF3;n, Juan</subfield>
    <subfield code="9">203894</subfield>
    <subfield code="e">prologuista</subfield>
  </datafield>
  <datafield tag="942" ind1=" " ind2=" ">
    <subfield code="2">ddc</subfield>
    <subfield code="c">BK</subfield>
  </datafield>
  <datafield tag="999" ind1=" " ind2=" ">
    <subfield code="c">114533</subfield>
    <subfield code="d">114533</subfield>
  </datafield>
  <datafield tag="952" ind1=" " ind2=" ">
    <subfield code="0">0</subfield>
    <subfield code="1">0</subfield>
    <subfield code="2">ddc</subfield>
    <subfield code="7">1</subfield>
    <subfield code="8">FBIU</subfield>
    <subfield code="a">Principal</subfield>
    <subfield code="d">2026-02-12</subfield>
    <subfield code="l">0</subfield>
    <subfield code="o">FBIU-EB PI R175v</subfield>
    <subfield code="p">FBIU0929</subfield>
    <subfield code="r">2026-03-27 08:36:34</subfield>
    <subfield code="t">Ej. 1</subfield>
    <subfield code="w">2026-03-27</subfield>
    <subfield code="y">BK-RES</subfield>
  </datafield>
</record>
